000 00459nam a2200193Ia 4500
005 20250423101125.0
008 250422s9999 xx 000 0 und d
020 _a0683076957 |a 9780683076950
050 _aRE 871 .S447/
100 _aShields, M. B.
245 0 _aTextbook of glaucoma
250 _a3rd ed.
260 _aBaltimore
260 _bWilliams & Wilkins
260 _cc1992
300 _a682 p
650 _aGlaucoma.
942 _cBK
999 _c35357
_d35357